00327nam a2200121Ia 4500008004100000041000800041082001500049100002300064245004500087260004000132300002400172365000900196240624s9999 xx 000 0 und d aeng a658.15 PON aPONIACHEK HARVEY A aCASES IN INTERNATIONAL FINANCE CASE STUD c1993aNew YorkbJohn Wiley and Sons a640 : p. : cm. ; 24 cb30